| 000 | 01139cam a2200277 a 4500 | ||
|---|---|---|---|
| 001 | 000019158 | ||
| 005 | 20200929165933.0 | ||
| 008 | 900209s1986 ve af 000 0dspa | ||
| 020 | _a9802655910 | ||
| 040 |
_aDO-SdBNP _cDLC _dDLC _dBNPHU |
||
| 082 |
_a988.1 _bR163d |
||
| 100 | 1 |
_aRaleigh, Walter, _cSir, _d1552-1618. _941233 |
|
| 240 | 1 | 0 |
_aDiscovery of the large, rich, and beautiful empire of Guiana. _lSpanish |
| 245 | 1 | 3 |
_aEl descubrimiento del grande, rico y bello imperio de Guayana / _cSir Walter Raleigh ; prologo, traduccion y notas Antonio Requena ; notas complementarias Demetrio Ramos Perez ; semblanza Antonio Requena Raul Nass. |
| 260 |
_aCaracas : _bEdiciones Juvenal Herrera, _c1986. |
||
| 300 |
_a164 p. : _bil. ; _c23 cm. |
||
| 651 | 4 |
_aGuayana _xDescripción Y Viajes _941234 |
|
| 650 | 4 |
_aEl dorado. _941235 |
|
| 600 | 1 | 4 |
_aRALEIGH, WALTER, _cSIR, _d1552-1618 _xVIAJES _zGUAYANA _941236 |
| 651 | 4 |
_aAmérica _vPRIMEROS RELATOS _941237 |
|
| 700 | 1 |
_aRequena, Antonio, _epról. _941238 |
|
| 700 | 1 |
_aRamos Pérez, Demetrio. _94779 |
|
| 700 | 1 |
_aNass, Raul _941239 |
|
| 910 | _aCatalogación derivada / LC | ||
| 049 | _aBNGR | ||
| 999 |
_c18676 _d18676 |
||